000 00568nam a2200169Ia 4500
008 110201s9999 xx 000 0 und d
082 _bB8848
_aS 1606
100 _aकामत विठ्ठल
245 _aउद्योजक होणारच मी
260 _bअमेय प्रकाशन
365 _b200
600 _aकामत विठ्ठल
630 _aउद्योजक होणारच मी
700 _aकामत विठ्ठल
730 _aउद्योजक होणारच मी
942 _cBOOK
999 _c834313
_d834310